[Event "10th Corsica Masters KO"]
[Site "Bastia FRA"]
[Date "2006.11.05"]
[Round "3.3"]
[White "Kasimdzhanov,R"]
[Black "Bacrot,E"]
[Result "1-0"]
[WhiteElo "2672"]
[BlackElo "2705"]

1.d4 d5 2.c4 c6 3.Nf3 Nf6 4.Nc3 e6 5.e3 a6 6.b3 Bb4 7.Bd2 O-O 8.Bd3 Nbd7
9.O-O Bd6 10.Qc2 h6 11.h3 e5 12.dxe5 Nxe5 13.Nxe5 Bxe5 14.Rad1 Be6 15.Ne2 Qe7
16.Bc3 Bxc3 17.Qxc3 Rad8 18.c5 Bc8 19.b4 Ne4 20.Bxe4 dxe4 21.Nf4 Kh7 22.a3 g5
23.Nh5 f5 24.Rd6 Rxd6 25.cxd6 Qf7 26.Ng3 Qd5 27.Qc5 Rd8 28.d7 Rxd7 29.Nxf5 Qxc5
30.bxc5 Rd3 31.Nd6 Be6 32.Rb1 Bd5 33.Rxb7+ Kg6 34.a4 Ra3 35.Rb4 a5 36.Rd4 Bb3
37.Rxe4 Bxa4 38.Re6+ Kh7 39.Nf5 Bc2 40.Rxh6+ Kg8 41.Nd4 Be4 42.Nxc6 a4 43.Nd4 Ra1+
44.Kh2 a3 45.Ra6 Bd5 46.Nc2 Ra2 47.Nb4  1-0

[Event "VII Rapid"]
[Site "El Sauzal ESP"]
[Date "2006.11.05"]
[Round "6"]
[White "Moskalenko,V"]
[Black "Vega Gutierrez,S"]
[Result "1-0"]
[WhiteElo "2543"]
[BlackElo "2299"]

1.d4 d5 2.c4 e6 3.Nc3 c6 4.e3 Nf6 5.Nf3 Nbd7 6.Bd3 dxc4 7.Bxc4 b5 8.Bd3 b4
9.Ne4 Be7 10.b3 Bb7 11.Bb2 c5 12.Nxc5 Nxc5 13.dxc5 O-O 14.Bd4 Rc8 15.Rc1 Ne4  1-0

[Event "TCh-AUT 2006-7"]
[Site "Graz AUT"]
[Date "2006.11.05"]
[Round "3"]
[White "Likavsky,T"]
[Black "Ftacnik,L"]
[Result "1/2-1/2"]
[WhiteElo "2480"]
[BlackElo "2580"]

1.d4 d5 2.c4 e6 3.Nf3 Nf6 4.Nc3 c6 5.e3 Nbd7 6.Qc2 Bd6 7.g4 dxc4 8.Bxc4 b5
9.Bd3 Bb7 10.e4 e5 11.g5 Nh5 12.Be3 exd4 13.Nxd4 Bf4 14.Nf5 O-O 15.Be2 Bxe3
16.fxe3 g6 17.O-O-O Ng7 18.Nh6+ Kh8 19.Bg4 Bc8 20.Qf2 Qxg5 21.Nxf7+ Rxf7
22.Qxf7 Qxg4 23.Rd6 Qh3 24.Rf1 Nf5 25.Rxf5 gxf5 26.Re6 Qxe3+ 27.Kc2 Qf2+
28.Kc1 Qe3+ 29.Kc2  1/2-1/2

[Event "TCh-AUT 2006-7"]
[Site "Graz AUT"]
[Date "2006.11.05"]
[Round "3"]
[White "Freitag,M"]
[Black "Balinov,I"]
[Result "1/2-1/2"]
[WhiteElo "2413"]
[BlackElo "2510"]

1.d4 d5 2.c4 c6 3.Nc3 Nf6 4.Nf3 e6 5.e3 a6 6.Qc2 c5 7.dxc5 Bxc5 8.a3 dxc4
9.Bxc4 Nbd7 10.O-O b5 11.Be2 Bb7 12.b4 Ba7 13.Bb2 Qc7 14.Rfc1 Bb8 15.a4 Ne5
16.Ne4 Qxc2 17.Nxf6+ gxf6 18.Rxc2 bxa4 19.Nxe5 Bxe5 20.Bxe5 fxe5 21.Rc5 O-O
22.Rxa4 Rfc8 23.Rca5 Rc1+ 24.Bf1 Rac8 25.Ra1 R8c2 26.f3 e4 27.f4 Rxa1 28.Rxa1 Rb2
29.Bxa6  1/2-1/2

[Event "TCh-ROM Divizia A Feminin"]
[Site "Predeal ROM"]
[Date "2006.11.05"]
[Round "2"]
[White "Kostiuk,T"]
[Black "Vajda,S"]
[Result "1/2-1/2"]
[WhiteElo "2262"]
[BlackElo "2401"]

1.d4 d5 2.c4 e6 3.Nc3 c6 4.e3 Nf6 5.Nf3 Nbd7 6.Qc2 Bd6 7.Bd3 O-O 8.O-O dxc4
9.Bxc4 a6 10.a4 c5 11.dxc5 Bxc5 12.Bd3 Bd6 13.e4 Ne5 14.Be2 Nxf3+ 15.Bxf3 Qc7
16.h3 Be5 17.Bd2 Bd7 18.Rfc1 Rac8 19.Qb3 Qb8 20.Qd1 Rfd8 21.Qe2 Bc6 22.Rd1 h6
23.a5 Rd7 24.Be1 Bd4 25.Kh1 Rcd8 26.g3 Qa7 27.Rdc1 Qb8 28.Bg2 e5 29.Kh2 Qa7
30.Bf3 Bc5 31.Na4 Bb5 32.Qc2 Bd4 33.Kg2 Rd6 34.Nc3 Bxc3 35.Bxc3 Bd3 36.Qb3 Bb5
37.Qb4 Bc6 38.Re1 Rd3 39.Bxe5 Rd2 40.Rf1 Bb5 41.Bc3 Bxf1+ 42.Rxf1 R2d7 43.e5 Nd5
44.Bxd5 Rxd5 45.Qg4 b5 46.axb6 Qb7 47.Kh2 Re8 48.Bd4 Red8 49.Be3 Rxe5 50.Bxh6 f5
51.Qc4+ Qd5 52.Qxd5+ Rexd5 53.Be3 Rb5 54.Ra1 a5 55.Kg2 Kf7 56.Bf4 Rdd5 57.Bc7 Rxb2
58.b7 Rxb7 59.Rxa5 Rxa5 60.Bxa5 Ke6 61.Bd2 Ke5 62.h4 Ke4 63.Bf4 g6 64.Bg5 Rb5
65.Bf4 Kd3 66.Kf3  1/2-1/2

[Event "10th OIBM"]
[Site "Bad Wiessee GER"]
[Date "2006.11.06"]
[Round "3"]
[White "Pelletier,Y"]
[Black "Pitl,G"]
[Result "1-0"]
[WhiteElo "2588"]
[BlackElo "2380"]

1.d4 d5 2.c4 c6 3.Nc3 Nf6 4.e3 e6 5.Nf3 a6 6.c5 Nbd7 7.b4 g6 8.Bd3 Bg7 9.O-O O-O
10.Na4 Qc7 11.Bb2 Re8 12.h3 Rb8 13.Re1 Re7 14.Qc2 Re8 15.Rad1 Rd8 16.a3 Re8
17.Ne5 Nxe5 18.dxe5 Nd7 19.f4 Qd8 20.e4 f6 21.exd5 exd5 22.exf6 Bxf6 23.Bxg6 hxg6
24.Qxg6+ Kf8 25.Be5 Nxe5 26.fxe5 Bg7 27.Rf1+  1-0

[Event "10th OIBM"]
[Site "Bad Wiessee GER"]
[Date "2006.11.07"]
[Round "4"]
[White "Moiseenko,A1"]
[Black "Hoffmann,Mi1"]
[Result "1/2-1/2"]
[WhiteElo "2632"]
[BlackElo "2477"]

1.d4 d5 2.c4 c6 3.Nc3 Nf6 4.Nf3 e6 5.e3 Nbd7 6.Bd3 dxc4 7.Bxc4 b5 8.Bd3 a6
9.e4 c5 10.e5 cxd4 11.Nxb5 Ng4 12.Qa4 Bb7 13.Nbxd4 Qb6 14.O-O Bc5 15.h3 Bxf3
16.hxg4 Bd5 17.Nf3 Qb7 18.Qf4 O-O 19.g5 Rfd8 20.Be3 Bxf3 21.Qxf3 Qxf3 22.gxf3 Bxe3
23.fxe3 Nxe5 24.Be4 Rab8 25.b3 f5 26.gxf6  1/2-1/2

[Event "TCh-ROM Divizia A Feminin"]
[Site "Predeal ROM"]
[Date "2006.11.07"]
[Round "4"]
[White "Mathe,K"]
[Black "Ursente,M"]
[Result "1/2-1/2"]
[WhiteElo "2065"]
[BlackElo "2019"]

1.d4 d5 2.Nf3 Nf6 3.c4 c6 4.Nc3 e6 5.e3 Be7 6.Qc2 O-O 7.Be2 Nbd7 8.O-O dxc4
9.Bxc4 b5 10.Bd3 a6 11.Ne4 Bb7 12.Nc5 Nxc5 13.dxc5 Bxc5 14.Bxh7+ Nxh7 15.Qxc5 Nf6
16.b3 Ne4 17.Qh5 Nf6 18.Qh4 Qd5 19.Bb2 Qf5 20.Bxf6 gxf6 21.Rac1 c5 22.a4 Kg7
23.Qg3+ Kh7 24.Qh4+ Kg7 25.Qg3+ Kh7  1/2-1/2

[Event "Petersburg Autumn"]
[Site "St Petersburg RUS"]
[Date "2006.11.07"]
[Round "8"]
[White "Tokareva,T"]
[Black "Chernov,Yurij"]
[Result "1/2-1/2"]
[WhiteElo "2000"]
[BlackElo "2160"]

1.d4 Nf6 2.c4 e6 3.Nf3 d5 4.Nc3 c6 5.e3 Bd6 6.Bd3 Nbd7 7.O-O O-O 8.e4 dxc4
9.Bxc4 e5 10.Be3 Re8 11.d5 cxd5 12.Bxd5 Nb6 13.Bb3 Bg4 14.Qe2 Qe7 15.Bg5 h6
16.Be3 Bc5 17.Rac1 Rac8 18.Rfd1 a6 19.a3 Rc7 20.Rd3 Bxe3 21.Qxe3 Nc4 22.Bxc4 Rxc4
23.Rcd1 Rec8 24.h3 Bh5 25.Nd5 Nxd5 26.Rxd5 Bxf3 27.Qxf3 Rc1 28.Qd3 Rxd1+
29.Qxd1 Qg5 30.Qd2 Rc1+ 31.Kh2 Qxd2 32.Rxd2 Rb1 33.Kg3 Kf8 34.Kf3 Ke7 35.Ke2 h5
36.Kd3 g6 37.Kc4 Rc1+ 38.Kd3 f5 39.Re2 Ke6 40.Kd2 Rc4 41.f3 b5 42.g3 a5 43.h4 b4
44.axb4 axb4 45.Kd3 Rc5 46.Kd2 Kd6 47.Kd3 b3 48.Rd2 f4 49.gxf4 exf4 50.Rg2 Ke7
51.Rxg6 Rc2 52.Rb6 Rxb2 53.e5 Rb1 54.Ke4 b2 55.Kxf4 Kd7 56.e6+ Ke7 57.Kf5 Rf1
58.Rb7+ Ke8 59.Rxb2 Rxf3+ 60.Kg5 Ke7 61.Re2 Rg3+ 62.Kxh5 Rg1 63.Re5 Rg8 64.Rg5 Rh8+
65.Kg4 Kxe6 66.h5 Kf6 67.Rg6+ Kf7 68.Kg5 Rg8 69.Kh6 Rh8+ 70.Kg5 Rg8 71.Rxg8 Kxg8
72.Kg6 Kf8  1/2-1/2

[Event "10th OIBM"]
[Site "Bad Wiessee GER"]
[Date "2006.11.09"]
[Round "6"]
[White "Ivanov,MM"]
[Black "Stanetzek,C"]
[Result "1-0"]
[WhiteElo "2451"]
[BlackElo "2232"]

1.d4 d5 2.c4 c6 3.Nf3 Nf6 4.Nc3 e6 5.e3 Nbd7 6.Bd3 dxc4 7.Bxc4 b5 8.Bd3 Bb7
9.e4 b4 10.Na4 c5 11.e5 Nd5 12.dxc5 Nxc5 13.Nxc5 Bxc5 14.O-O Qb6 15.Ng5 Rd8
16.Qh5 Rd7 17.Nxh7 Kd8 18.Qg5+ f6 19.exf6 Kc8 20.f7 Rxf7 21.Qg3 g5 22.Nxg5 Bd6
23.Nxf7 Bxg3 24.Nxh8 Bc7 25.Ng6 Qd4 26.Rd1 Qg4 27.f3 Qd4+ 28.Kh1 Kb8 29.Bg5 Qxb2
30.Re1 Nc3 31.Nf4 a5 32.Nxe6 Bxf3 33.Bf1 Bd6 34.Nd4 Bd5 35.Re8+ Kb7 36.Rae1 Qxa2
37.Nf5 Bc5 38.Be3 Bxe3 39.R8xe3 a4 40.Re7+ Kc6 41.Ne3 a3 42.Re5 Kc5 43.Nxd5 Qxd5
44.Rxd5+ Kxd5 45.Bd3 b3 46.Bg6 b2 47.h4 Kc5 48.Bf7 Nd5 49.Rd1 a2 50.Rxd5+  1-0

[Event "TCh-ROM Divizia A Feminin"]
[Site "Predeal ROM"]
[Date "2006.11.09"]
[Round "6"]
[White "Foisor,S"]
[Black "Ursente,M"]
[Result "1/2-1/2"]
[WhiteElo "2326"]
[BlackElo "2019"]

1.d4 d5 2.c4 c6 3.e3 e6 4.Nc3 Nf6 5.Nf3 Bd6 6.Qc2 Nbd7 7.b3 O-O 8.Be2 b6
9.O-O Bb7 10.Rd1 Qe7 11.e4 dxe4 12.Ng5 c5 13.Be3 h6 14.dxc5 Nxc5 15.Nh3 Rad8  1/2-1/2

[Event "10th OIBM"]
[Site "Bad Wiessee GER"]
[Date "2006.11.10"]
[Round "7"]
[White "Skembris,S"]
[Black "Lederle,V"]
[Result "1-0"]
[WhiteElo "2455"]
[BlackElo "2118"]

1.d4 e6 2.c4 Nf6 3.Nc3 d5 4.Nf3 c6 5.e3 Nbd7 6.Qc2 Bd6 7.b3 O-O 8.Be2 Bb4
9.O-O Bxc3 10.Qxc3 Ne4 11.Qc2 f5 12.Ne1 Ndf6 13.f3 Nd6 14.Nd3 Nf7 15.a4 Re8
16.Bb2 Nd7 17.Rad1 Qg5 18.Nf4 Nf8 19.Kh1 Bd7 20.Nd3 Rad8 21.e4 e5 22.cxd5 cxd5
23.exd5 e4 24.Ne5 Rc8 25.Bc4 e3 26.f4 Qh5 27.Rde1 Nd6 28.Rxe3 Qh6 29.Ba3 Rc7
30.Qe2 Nxc4 31.Nxc4 Rxe3 32.Qxe3 Bxa4 33.Bxf8 Kxf8 34.d6  1-0

[Event "10th OIBM"]
[Site "Bad Wiessee GER"]
[Date "2006.11.11"]
[Round "8"]
[White "Zenker,U"]
[Black "Zude,A"]
[Result "0-1"]
[WhiteElo "2284"]
[BlackElo "2410"]

1.Nf3 Nf6 2.c4 c6 3.Nc3 d5 4.e3 e6 5.d4 Nbd7 6.b3 Be7 7.Bd3 O-O 8.O-O b6
9.cxd5 cxd5 10.Bb2 Bb7 11.Rc1 a6 12.Qe2 b5 13.Ne5 Nxe5 14.dxe5 Nd7 15.Qc2 h6
16.Ne2 Rc8 17.Qd2 b4 18.Bb1 Bc5 19.Qd3 g6 20.Nf4 Qg5 21.h4 Qg4 22.Bd4 Rfe8
23.g3 Qf3 24.h5 Bxd4 25.hxg6 Bxe5 26.gxf7+ Kxf7 27.Qh7+ Kf6 28.Qxd7 Bxf4
29.Qxb7 Rxc1 30.Rxc1 Bxe3 31.Rf1 Qxg3+  0-1

[Event "TCh-NED 2006-7"]
[Site "Netherlands NED"]
[Date "2006.11.11"]
[Round "3"]
[White "Dambacher,M"]
[Black "Cuijpers,F"]
[Result "1-0"]
[WhiteElo "2425"]
[BlackElo "2510"]

1.d4 d5 2.c4 c6 3.Nc3 Nf6 4.e3 e6 5.Nf3 Nbd7 6.Bd3 dxc4 7.Bxc4 b5 8.Bd3 Bb7
9.O-O a6 10.e4 c5 11.e5 cxd4 12.Nxb5 axb5 13.exf6 Qb6 14.Qe2 Bc6 15.fxg7 Bxg7
16.Bf4 Nc5 17.Be5 Bxe5 18.Nxe5 Nxd3 19.Qxd3 Bd5 20.Qg3 Rf8 21.Qg7 Qb7 22.Rac1 Qe7
23.Nc6 Bxc6 24.Rxc6 Qd7 25.Rfc1 d3 26.Qc3 Rg8 27.Kf1 Rd8 28.Rc8 Rg5 29.Rxd8+ Qxd8
30.Qh8+ Ke7 31.Qxd8+ Kxd8 32.Rd1 Rd5 33.f3 Ke7 34.Kf2 f5 35.f4 Rc5 36.Ke3 e5
37.fxe5 Ke6 38.Rxd3 Kxe5 39.Rc3 Rd5 40.g3 h5 41.b4 Rd1 42.Rc5+ Kf6 43.Rxb5 h4
44.gxh4 Rh1 45.a4 Rxh2 46.a5 Rh3+ 47.Kf2 Ra3 48.h5 Kg5 49.h6 Kxh6 50.Rxf5 Kg6
51.Rc5 Kf6 52.Ke2 Ra4 53.Rc4 Ke6 54.Kd3 Kd6 55.Kd4 Ra1 56.Rc5  1-0

[Event "TCh-NED 2006-7"]
[Site "Netherlands NED"]
[Date "2006.11.11"]
[Round "3"]
[White "L'Ami,E"]
[Black "Tan,Mat"]
[Result "1-0"]
[WhiteElo "2586"]
[BlackElo "2288"]

1.d4 d5 2.c4 c6 3.Nf3 e6 4.e3 Nf6 5.Nc3 Nbd7 6.Bd3 dxc4 7.Bxc4 b5 8.Bd3 a6
9.e4 c5 10.e5 cxd4 11.Nxb5 axb5 12.exf6 gxf6 13.O-O Qb6 14.Qe2 Ba6 15.a4 b4
16.Nxd4 Bxd3 17.Qxd3 Bc5 18.Nb3 Bd6 19.Rd1 Ke7 20.Be3 Qb8 21.Nd4 Ne5 22.Qe4 Rc8
23.b3 Ra6 24.Rac1 Rg8 25.Nb5 Rg4 26.f4 f5 27.Qc2 Nd7 28.Qd2 Rg8 29.Nc7 Rb6
30.a5  1-0

[Event "TCh-NED 2006-7"]
[Site "Netherlands NED"]
[Date "2006.11.11"]
[Round "3"]
[White "Van Gisbergen,S"]
[Black "Van de Oudeweetering,A"]
[Result "0-1"]
[WhiteElo "2319"]
[BlackElo "2345"]

1.d4 d5 2.c4 c6 3.Nc3 Nf6 4.e3 e6 5.Nf3 Nbd7 6.Qc2 Bd6 7.b3 O-O 8.Be2 b6
9.O-O Bb7 10.Bb2 Qe7 11.Rad1 Rad8 12.h3 Rfe8 13.e4 dxe4 14.Nxe4 Nxe4 15.Qxe4 f5
16.Qe3 c5 17.Ne5 Nf6 18.Bf3 Ne4 19.Rfe1 Qc7 20.Bxe4 Bxe4 21.f4 Bxe5 22.dxe5 Rd7
23.Qg3 Ree7 24.Qe3 Qd8 25.Qe2 Rxd1 26.Rxd1 Rd7 27.Rxd7 Qxd7 28.Bc3 h6 29.Kf2 Bb7
30.Qd2 Qc6 31.Kg1 Qe4 32.Kh2 Kh7 33.Bb2 Bc6 34.Bc3 Qb1 35.b4 Qf1 36.bxc5 bxc5
37.Ba5 Qxc4 38.Bc7 Qf1 39.Bd6 c4 40.Bb4 Be4 41.a4 Kg6 42.a5 a6 43.Bc5 c3
44.Qf2 Qc4 45.Bf8 Qc7 46.Qc5 Qf7 47.Bd6 c2 48.Qe3 Kh7 49.Ba3 Qc7 50.Bc1 Qxa5
51.Qd2 Qb5 52.Ba3 Qc4 53.Bc1 Qf1 54.Ba3 a5 55.Bb2 a4 56.Ba3 Bxg2  0-1

[Event "Ataturk Festival Open"]
[Site "Adana TUR"]
[Date "2006.11.13"]
[Round "7"]
[White "Bagaturov,G"]
[Black "Sulashvili,M"]
[Result "1-0"]
[WhiteElo "2472"]
[BlackElo "2431"]

1.d4 d5 2.c4 c6 3.Nf3 Nf6 4.Nc3 e6 5.e3 a6 6.a3 c5 7.dxc5 Bxc5 8.b4 Be7 9.cxd5 exd5
10.Bb2 Nc6 11.Be2 O-O 12.O-O Be6 13.Nd4 Rc8 14.Rc1 Nxd4 15.Qxd4 Qd7 16.Rfd1 Rfd8
17.Bf1 h6 18.h3 Rc7 19.b5 axb5 20.Bxb5 Qd6 21.Bf1 Rc6 22.Nb5 Qb8 23.Na7 Rxc1
24.Rxc1 Bf8 25.Bd3 Ne4 26.Nb5 Nd2 27.Rd1 Nb3 28.Qc3 Nc5 29.Bb1 Rc8 30.Qc2 Ne4
31.Qd3 f5 32.Nd4 Bd7 33.Nxf5 Be6 34.Nd4 Bf7 35.f3 Nf6 36.Nf5 Bg6 37.Nxh6+  1-0

[Event "SK Liburnija GM"]
[Site "Rijeka CRO"]
[Date "2006.11.15"]
[Round "2"]
[White "Hera,I"]
[Black "Pavasovic,D"]
[Result "1/2-1/2"]
[WhiteElo "2510"]
[BlackElo "2575"]

1.d4 d5 2.c4 e6 3.Nc3 c6 4.e3 Nf6 5.Nf3 Nbd7 6.Qc2 Bd6 7.b3 O-O 8.Be2 b6
9.O-O Bb7 10.Bb2 Qe7 11.Rfe1 Rfe8 12.e4 Nxe4 13.Nxe4 dxe4 14.Qxe4 Ba3 15.Bc3 Nf6
16.Qf4 Rad8 17.Ne5 c5 18.Bf3 cxd4 19.Bxd4 Bxf3 20.Nxf3 Nd7 21.Qc7 Nc5 22.Qxe7 Rxe7
23.Bc3 Nd3 24.Red1 Red7 25.Kf1 f6 26.Rd2 e5 27.Rad1 e4 28.Ne1 Bc1 29.Re2 f5
30.Nxd3 Bg5 31.g3 Rxd3 32.Rxd3 Rxd3 33.Be5 Be7 34.Re3 Rd7 35.h4 Kf7 36.Re2 Bb4
37.Bf4 Rd1+ 38.Kg2 Kf6 39.f3 exf3+ 40.Kxf3 Bc5 41.Bg5+ Kg6 42.Be7 Rd3+ 43.Kf4 Rd4+
44.Ke5 Rd3 45.Bxc5 bxc5 46.Kf4 Kf6 47.Re8 h6 48.Rf8+ Ke6 49.h5 Rd2 50.Rc8 Rf2+
51.Ke3 Rxa2 52.Rc6+ Ke7 53.Rxc5 Rb2 54.Rb5 Ke6 55.Kd4 Rd2+ 56.Ke3 Rg2 57.Kf3 Rb2
58.Rb7 Ke5 59.Re7+ Kf6 60.Rxa7 Rxb3+ 61.Kf4 Rc3 62.Ra6+ Ke7 63.Rc6 Kd7 64.Rc5 Kd6
65.Rc8 Kd7 66.Rc5 Kd6 67.Rd5+ Ke6 68.Re5+ Kd6 69.c5+ Kc6 70.Rxf5 Rc4+ 71.Ke5 Rg4
72.Ke6 Rxg3 73.Kf7 Rg5 74.Rxg5 hxg5 75.Kxg7 g4 76.h6 g3 77.h7 g2 78.h8=Q g1=Q+  1/2-1/2

[Event "Open"]
[Site "Liberec CZE"]
[Date "2006.11.16"]
[Round "7"]
[White "Grochowalski,P"]
[Black "Ester,L"]
[Result "1-0"]
[WhiteElo "2123"]
[BlackElo "2000"]

1.d4 d5 2.Nf3 Nf6 3.c4 c6 4.e3 e6 5.Nc3 Nbd7 6.Qc2 a6 7.a4 Bb4 8.Bd2 Qa5
9.cxd5 Nxd5 10.Bd3 N7f6 11.e4 Nxc3 12.bxc3 Be7 13.O-O Qh5 14.Rfe1 Nd7 15.e5 f5
16.exf6 Nxf6 17.Re5 Qf7 18.Ng5 Qg8 19.Nxe6 Bxe6 20.Rae1 Kd7 21.Rxe6 Bd6 22.Bf5 Kc7
23.Rxd6 Re8 24.Rde6 Qf7 25.Rxe8 Nxe8 26.Bf4+ Kb6 27.Be3 Qc4 28.Be6  1-0

[Event "ch-CRO"]
[Site "Kutina CRO"]
[Date "2006.11.17"]
[Round "7"]
[White "Jankovic,A"]
[Black "Brumen,D"]
[Result "0-1"]
[WhiteElo "2533"]
[BlackElo "2368"]

1.d4 Nf6 2.c4 e6 3.Nf3 d5 4.Nc3 c6 5.e3 Nbd7 6.Qc2 Bd6 7.g4 h6 8.Bd2 dxc4
9.Bxc4 b5 10.Be2 b4 11.Na4 Qc7 12.e4 e5 13.dxe5 Nxe5 14.Nxe5 Bxe5 15.Bxb4 Rb8
16.Ba3 Qa5+ 17.Kf1 h5 18.Rd1 hxg4 19.Qxc6+ Bd7 20.Rxd7 Nxd7 21.Nc5 Qc7 22.Qa4 Kd8
23.Na6 Qc1+ 24.Bd1 Rb6 25.Kg2 Qf4 26.Nc5 Rxh2+ 27.Rxh2 Qxh2+ 28.Kf1 Nxc5
29.Bxc5 Qh1+ 30.Ke2 Rxb2+ 31.Bc2 Qc1 32.Kd3 Rb7 33.Ke2 Rb2 34.Kd3 Qf1+ 35.Kd2 Rb7
36.Qa5+ Bc7 37.Qa4 Bf4+ 38.Kc3 Qe1+ 39.Kc4 Be5 40.Qa3 Qe2+ 41.Bd3 Qb2 42.Qa5+ Bc7
43.Qa6 Kc8 44.Qc6 Qxa2+ 45.Kd4 Qxf2+ 46.Kd5 Qa2+ 47.Bc4 Qd2+ 48.Bd4 Qa5+
49.Bc5 Rb6 50.Qa8+ Kd7 51.e5 Qd2+ 52.Bd4 Qg2+  0-1

[Event "RGSU GM"]
[Site "Moscow RUS"]
[Date "2006.11.17"]
[Round "12"]
[White "Pustov,P"]
[Black "Tairova,E"]
[Result "0-1"]
[WhiteElo "2407"]
[BlackElo "2415"]

1.d4 d5 2.c4 c6 3.Nc3 Nf6 4.e3 e6 5.Nf3 Nbd7 6.Qc2 Bd6 7.Bd3 dxc4 8.Bxc4 b5
9.Bd3 Bb7 10.O-O O-O 11.a3 a6 12.b4 Qe7 13.Bd2 Rac8 14.h3 e5 15.Ng5 h6 16.Nge4 Bb8
17.Rae1 Rfe8 18.Ng3 Nf8 19.Nf5 Qd7 20.dxe5 Bxe5 21.f4 Bb8 22.e4 c5 23.bxc5 Rxc5
24.e5 Nd5 25.Nxh6+ gxh6 26.Rf3 b4 27.Rg3+ Kh8 28.Qd1 bxc3 29.Qh5 Rc6 30.Bc1 Ba7+
31.Kf1 Ne3+ 32.Rexe3 Bxe3 33.Rxe3 Nh7 34.f5 Rxe5 35.Rg3 Rf6 36.Bxh6 Rexf5+
37.Kg1 Rxh5  0-1

[Event "1st Magistral Endesa"]
[Site "Santiago CHI"]
[Date "2006.11.17"]
[Round "1"]
[White "Michel Yunis,C"]
[Black "Sepulveda,Job"]
[Result "1/2-1/2"]
[WhiteElo "2343"]
[BlackElo "2337"]

1.d4 d5 2.c4 c6 3.Nf3 Nf6 4.e3 e6 5.Nc3 Bd6 6.Bd3 Nbd7 7.O-O O-O 8.b3 e5
9.cxd5 cxd5 10.Nb5 Bb8 11.dxe5 Nxe5 12.Be2 a6 13.Nbd4 Be6 14.Bb2 Ng6 15.Rc1 Bd6
16.Qc2 Rc8 17.Qb1 Re8 18.Rfd1 Rxc1 19.Rxc1 Ne4 20.Nxe6 fxe6 21.Bd3 Ng5 22.Nxg5 Qxg5
23.Bxg6 hxg6 24.Qd3 Rf8 25.Qd4 Qf6 26.Rc2 Qxd4 27.Bxd4 e5 28.Bb2 Kf7 29.h4 Ke6
30.g3 Rd8 31.Kg2 Bb8 32.Kf3 Kf5 33.Rc5 Ke6 34.Ke2 Kf5 35.f3 Ke6 36.Kd3 e4+
37.fxe4 dxe4+ 38.Kxe4 Bxg3 39.h5 gxh5 40.Rg5 h4 41.Rg6+ Kd7 42.Rxg7+ Kc6
43.Bd4  1/2-1/2

[Event "1st GMA Cup"]
[Site "Manila PHI"]
[Date "2006.11.18"]
[Round "3"]
[White "Dimakiling,O"]
[Black "Rzoska,K"]
[Result "1-0"]
[WhiteElo "2476"]
[BlackElo "2187"]

1.d4 d5 2.Nf3 Nf6 3.e3 c6 4.c4 e6 5.Nc3 Nbd7 6.Bd3 dxc4 7.Bxc4 b5 8.Be2 b4
9.Na4 Bb7 10.O-O Bd6 11.b3 O-O 12.Bb2 c5 13.Rc1 Rc8 14.Bb5 Bxf3 15.Qxf3 cxd4
16.Rcd1 Ne5 17.Qh3 Ng6 18.Bxd4 Qe7 19.Bd3 Rcd8 20.f4 e5 21.fxe5 Bxe5 22.Bc4 Bxd4
23.exd4 Nd5 24.Rde1 Qg5 25.Qf5 Qd2 26.Rd1 Qe3+ 27.Kh1 Nf6 28.Rfe1 Qf4 29.Qxf4 Nxf4
30.Re7 Rd7 31.Rxd7 Nxd7 32.Nc5 Nb6 33.d5 Rc8 34.d6 Rxc5 35.d7 Nxd7 36.Rxd7 Ne6
37.Rxa7 Kf8 38.Kg1 Rf5 39.Ra4 Nc7 40.Rxb4 Ke7 41.Rb6 h6 42.a4 Kd7 43.g3 h5
44.b4 h4 45.a5 f6 46.a6 hxg3 47.hxg3 Rf3 48.Kg2 Ra3 49.b5 Ra4 50.Bd3 Ra3
51.Rb7 Kd8 52.a7 Na8 53.Be4 g5 54.Rf7 Ra2+ 55.Kh3  1-0

[Event "Bundesliga 2006-7"]
[Site "Wattenscheid GER"]
[Date "2006.11.18"]
[Round "3"]
[White "Braun,A"]
[Black "Hoffmann,Mi1"]
[Result "1/2-1/2"]
[WhiteElo "2525"]
[BlackElo "2477"]

1.d4 d5 2.c4 c6 3.Nf3 Nf6 4.e3 e6 5.Nc3 Nbd7 6.Qc2 Be7 7.b3 b6 8.Bb2 Bb7
9.O-O-O O-O 10.Rg1 c5 11.dxc5 Bxc5 12.cxd5 exd5 13.Kb1 Rc8 14.Bd3 Qe7 15.Nd4 Bb4
16.Nf5 Qe6 17.a3 Bxc3 18.Bxc3 Nc5 19.Nd4 Qe7 20.Bb2 Nce4 21.Qe2 Nc3+ 22.Bxc3 Rxc3
23.Kb2 Rc5 24.f3 g6 25.h4 Nd7 26.h5 Ne5 27.Rh1 Rfc8 28.hxg6 fxg6 29.Rhe1 Rc3
30.Bb5 Nf7 31.Ra1 Nd6 32.Bd3 Nf7 33.Qd2 R3c5 34.Rh1 Ne5 35.Be2 Qf6 36.Rac1 Nc6
37.f4 Nxd4 38.exd4 Rxc1 39.Rxc1 Rxc1 40.Kxc1 Qe7 41.Kb2 h6 42.Bf3 Kg7 43.Qd3 Qe1
44.Qc2 Kf6 45.Qc7 Qd2+ 46.Kb1 Qd3+ 47.Kc1 Qe3+ 48.Kc2 Qf2+ 49.Kc1 Qe3+ 50.Kc2  1/2-1/2

[Event "Bundesliga 2006-7"]
[Site "Wattenscheid GER"]
[Date "2006.11.19"]
[Round "4"]
[White "Gabriel,Ch"]
[Black "Hertneck,G"]
[Result "0-1"]
[WhiteElo "2540"]
[BlackElo "2520"]

1.d4 d5 2.c4 c6 3.Nc3 Nf6 4.e3 e6 5.Nf3 Nbd7 6.Bd3 dxc4 7.Bxc4 b5 8.Bd3 Bb7
9.O-O a6 10.e4 c5 11.d5 Qc7 12.Bc2 Be7 13.dxe6 fxe6 14.Ng5 Qc6 15.Qf3 O-O
16.Qh3 e5 17.f4 h6 18.Nf3 c4 19.fxe5 Nxe5 20.Nxe5 Qc5+ 21.Be3 Qxe5 22.Rf5 Qc7
23.e5 Nh7 24.Raf1 Bc5 25.Ne4 Bxe3+ 26.Qxe3 Rxf5 27.Rxf5 Bc8 28.Rh5 Qa7 29.Qxa7 Rxa7
30.Nd6 Be6 31.Kf2 Ra8 32.Rh4 Nf8 33.Be4 Ra7 34.Ke3 Rc7 35.Kd4 c3 36.bxc3 Bxa2
37.Bd5+ Bxd5 38.Kxd5 Rxc3 39.Rd4 Rc2 40.e6 Ng6 41.Nf5 Rxg2 42.Kd6 Rxh2 43.Ne7+ Nxe7
44.Kxe7 g5 45.Rd6 Re2 46.Rxa6 Kg7 47.Rb6 g4 48.Rxb5 Kg6 49.Rb8 h5 50.Rh8 Kg5
51.Kf7 h4 52.e7 g3 53.e8=Q Rxe8 54.Kxe8 Kg4  0-1

[Event "Nacional de Mestres"]
[Site "Barreiro POR"]
[Date "2006.11.20"]
[Round "7"]
[White "Santos,An"]
[Black "Pina,Vl"]
[Result "1-0"]
[WhiteElo "2250"]
[BlackElo "2253"]

1.d4 d5 2.c4 c6 3.Nf3 Nf6 4.e3 e6 5.Nc3 Bd6 6.Bd3 O-O 7.O-O Nbd7 8.e4 dxc4
9.Bxc4 e5 10.h3 h6 11.Be3 Qe7 12.Qc2 exd4 13.Bxd4 Ne5 14.Nxe5 Bxe5 15.Rad1 Nh5
16.Ne2 Bc7 17.f4 Nf6 18.e5 Nh7 19.Bd3 f5 20.Bc5 Bb6 21.b4 Kh8 22.Nd4 Bxc5
23.Qxc5 Qxc5 24.bxc5 g6 25.Bc4 Rd8 26.Nxc6 Re8 27.Nd8 Kg7 28.Nxb7 Re7 29.c6 Nf8
30.Rd6 g5 31.g3 Rb8 32.Bd5 Ne6 33.Bxe6 Bxe6 34.Rc1 gxf4 35.Rxe6 Rxe6 36.c7 Rg8
37.Nd8  1-0

[Event "ch-Commonwealth"]
[Site "Mumbai IND"]
[Date "2006.11.20"]
[Round "1"]
[White "Kunte,A"]
[Black "Van den Heever,D"]
[Result "1/2-1/2"]
[WhiteElo "2524"]
[BlackElo "2142"]

1.d4 d5 2.c4 c6 3.Nc3 Nf6 4.e3 e6 5.Nf3 Bd6 6.Bd3 Nbd7 7.O-O O-O 8.e4 dxe4
9.Nxe4 Nxe4 10.Bxe4 h6 11.Bc2 e5 12.Qd3 f5 13.c5 Bc7 14.Qc4+ Kh8 15.dxe5 Nxe5
16.Nxe5 Bxe5 17.Bf4 Bxf4 18.Qxf4 Qf6 19.Rad1 Qxb2 20.Bb1 Be6 21.Rd6 Rae8
22.h4 Bg8 23.Bd3 Qe5 24.Qxe5 Rxe5  1/2-1/2

[Event "19th Belgrade Trophy"]
[Site "Belgrade SRB"]
[Date "2006.11.22"]
[Round "1"]
[White "Maksimovic,Mir"]
[Black "Payen,Ar"]
[Result "1/2-1/2"]
[WhiteElo "2203"]
[BlackElo "2369"]

1.d4 d5 2.c4 e6 3.Nf3 Nf6 4.Nc3 c6 5.e3 a6 6.Qc2 c5 7.cxd5 exd5 8.dxc5 Bxc5
9.Be2 O-O 10.O-O Qe7 11.a3 Nc6 12.b4 Ba7 13.Bb2 Rd8 14.b5 Na5 15.Qa4 Bb6
16.Qh4 Be6 17.Na4 Bc7 18.Bd3 h6 19.Bxf6 Qxf6 20.Qxf6 gxf6 21.bxa6 bxa6 22.Nc5 Bd6
23.Nxa6 Nc4 24.Nb4 Rxa3 25.Rxa3 Nxa3 26.Nc6 Rc8 27.Ncd4 Kf8 28.Nf5 Rc3 29.Nxd6 Rxd3
30.Nd4 Ke7 31.N6f5+ Bxf5 32.Nxf5+ Ke6 33.g4 Ke5 34.Nxh6 d4 35.Nf5 dxe3 36.Nxe3 Nb5
37.Kg2 Kf4 38.Ra1 Nd6 39.Ra5 f5 40.gxf5 Kg5 41.Rd5 Rxd5 42.Nxd5 Nxf5 43.Ne3 Nd4
44.Kg3 Ne2+ 45.Kf3 Ng1+ 46.Kg2 Ne2 47.Kf1 Nd4 48.Nd5 Nf3 49.Kg2 Nd4 50.Kg3 Nf5+
51.Kh3 Nd4 52.Kg2 Kg4 53.h3+ Kg5 54.Nc3 Kf4 55.Nd5+ Kg5 56.Ne3 Kf4 57.Nf1 Nf3
58.Nh2 Ne5 59.Nf1 Nf3 60.Nh2  1/2-1/2

[Event "1st GMA Cup"]
[Site "Manila PHI"]
[Date "2006.11.22"]
[Round "8"]
[White "Liu Yang"]
[Black "Makinano,A"]
[Result "0-1"]
[WhiteElo "2050"]
[BlackElo "2337"]

1.d4 d5 2.c4 e6 3.Nf3 Nf6 4.Nc3 c6 5.e3 Nbd7 6.Bd3 dxc4 7.Bxc4 b5 8.Bd3 a6
9.e4 c5 10.e5 cxd4 11.Nxb5 Nxe5 12.Nxe5 axb5 13.Bxb5+ Bd7 14.Bxd7+ Nxd7 15.Nxd7 Qxd7
16.O-O Qd5 17.a3 Bd6 18.Bd2 O-O 19.Qe2 Rfb8 20.b4 d3 21.Qg4 Be5 22.Rac1 Rxa3
23.Rc5 Qd4 24.Qxd4 Bxd4 25.Rc4 e5 26.Rd1 h5 27.h3 Rb3 28.Be3 Bxe3 29.fxe3 Rd8
30.Rd2 Kh7 31.Kf2 Kg6 32.Kf3 f5 33.e4 f4 34.Rc6+ Kf7 35.Rc7+ Kf6 36.Rc6+ Ke7
37.Rc7+ Rd7 38.Rc5 Ke6 39.Rc4 g5 40.g4 fxg3 41.Kxg3 Rd4  0-1

[Event "SK Liburnija GM"]
[Site "Rijeka CRO"]
[Date "2006.11.22"]
[Round "9"]
[White "Jovanic,O"]
[Black "Pavasovic,D"]
[Result "1-0"]
[WhiteElo "2458"]
[BlackElo "2575"]

1.d4 d5 2.c4 e6 3.Nf3 Nf6 4.Nc3 c6 5.e3 Nbd7 6.Be2 Bd6 7.O-O O-O 8.a4 Qe7
9.a5 a6 10.Qb3 Ne4 11.Nd2 f5 12.f4 Nxd2 13.Bxd2 Nf6 14.Be1 dxc4 15.Bxc4 Nd5
16.Ne2 Bd7 17.Kh1 Kh8 18.Ng1 c5 19.Bxd5 exd5 20.Bc3 c4 21.Qc2 Qxe3 22.Rae1 Qd3
23.Qc1 Rae8 24.Nf3 Re2 25.Rxe2 Qxe2 26.Re1 Qf2 27.Rf1 Bxf4 28.Qd1 Ba4 29.Qa1 Qc2
30.Ne1 Qe2 31.Rxf4 g5 32.Rf3 f4 33.Kg1 g4 34.Rf2 Qe3 35.Bd2 Qb3 36.Bxf4 Kg8
37.Qc1  1-0

[Event "66th ch-ITA"]
[Site "Cremona ITA"]
[Date "2006.11.23"]
[Round "2"]
[White "Bruno,Fabi"]
[Black "Godena,M"]
[Result "1/2-1/2"]
[WhiteElo "2408"]
[BlackElo "2522"]

1.d4 d5 2.c4 e6 3.Nc3 Nf6 4.Nf3 c6 5.e3 Nbd7 6.Bd3 dxc4 7.Bxc4 a6 8.O-O b5
9.Bb3 b4 10.Ne2 Bb7 11.Nf4 Bd6 12.Ng5 Bxf4 13.exf4 O-O 14.Be3 Nd5 15.Ne4 Qe7
16.Rc1 Rfc8 17.Nc5 Nxc5 18.Rxc5 a5 19.Qd2 Ba6 20.Rfc1 Bb5 21.f5 Qf6 22.fxe6 fxe6
23.Bg5 Qf7 24.Re1 Rf8 25.Rcc1 Rae8 26.Re5 h6 27.Bh4 Qf4 28.Qxf4 Rxf4 29.Bg3 Rxd4
30.Ree1 Rd2  1/2-1/2